Novos contos do Gin (Registo nº 48443)

Detalhes MARC
000 -Etiqueta do registo
campo de controlo de comprimento fixo 006700000a22002290004500
001 - Identificador do registo
Campo de controlo 48443
010 ## - ISBN
Número (ISBN) 972-33-0812-6
021 ## - Nº depósito legal
Código do país Portugal
Número 74974/94
100 ## - Dados Gerais de Proc.
Dados gerais de processamento 20030212d2003 k y0pory5003 ba
101 0# - Língua da publicação
Língua do texto, banda sonora, etc. Português
102 ## - País de Publicação
País de publicação Portugal
200 1# - Título
Título próprio Novos contos do Gin
Primeira menção de responsabilidade Mário-Henrique Leiria
205 ## - Menção da edição
Menção da edição 4.ª ed
210 ## - Publicação, Distribuição
Lugar da edição, distribuição, etc. Lisboa
Nome do editor, distribuidor, etc. Esrampa
Data da publicação, distribuição, etc. 1989
215 ## - Descrição física
Descrição física 219 p
225 2# - Colecção
Título próprio da colecção Ficções
Indicação de volume 13
606 ## - Nome comum
Koha Internal code 2169
Elemento de entrada Literatura portuguesa
Subdivisão de assunto Conto
675 ## - CDU
Notação 821.134.3-34"19"
Edição BN
Língua da edição Português
700 #1 - Responsabilidade principal
Koha Internal Code 27336
Palavra de ordem Leiria
Outra parte do nome Mário-Henrique
Datas 1923-1980
090 ## - Números de controlo do sistema (Koha)
Número biblioitem do Koha (gerado automaticamente) 48443
942 ## - Elementos de entrada adicionados (Koha)
Tipo de item no Koha Monografias
Suprimido Disponível no OPAC
999 ## - Campo local
Campo local 48443
Exemplares
Removido (estado) Perdido (estado) Data de aquisição Origem do registo (biblioteca) (codificado) Código da organização que empresta ou é detentora (biblioteca) Código de barras Número de inventário Cota Tipo de circulação (não pode ser emprestado) Tipo de item e material
Disponível Disponível 2003-02-12 Biblioteca EB23 D. Paio Peres Correia Biblioteca EB23 D. Paio Peres Correia BEBDPPC1637 1637 82-34 LEI Normal Monografias